Elementos de medicina practica / (Record no. 153370)
[ view plain ]
| 000 -LEADER | |
|---|---|
| campo de control de longitud fija | 01090nam a22002415i 4500 |
| 001 - NÚMERO DE CONTROL | |
| campo de control | 153370 |
| 003 - IDENTIFICADOR DE NÚMERO DE CONTROL | |
| campo de control | ES-MaACL |
| 005 - FECHA Y HORA DE LA ÚLTIMA TRANSACCIÓN | |
| campo de control | 20250724015106.0 |
| 008 - DATOS DE LONGITUD FIJA--INFORMACIÓN GENERAL | |
| campo de control de longitud fija | 991015s1799 sp |||| | spa d |
| 040 ## - FUENTE DE CATALOGACIÓN | |
| Centro catalogador/agencia de origen | CAV |
| Lengua de catalogación | spa |
| Centro/agencia transcriptor | CAV |
| 100 0# - ENTRADA PRINCIPAL--NOMBRE DE PERSONA | |
| Nombre de persona | Cullen, William. |
| 9 (RLIN) | 42144 |
| 245 10 - MENCIÓN DEL TÍTULO | |
| Título | Elementos de medicina practica / |
| Mención de responsabilidad, etc. | del doctor Guillermo Cullen ... ; traducidos al frances de la quarta y última edicion inglesa por el doctor Bosquillon ; y del frances al castellano por ... D. Bartolome Piñera y Siles ... ; tomo primero. |
| 250 ## - MENCION DE EDICION | |
| Mención de edición | Tercera edicion corregida y emendada. |
| 260 ## - PUBLICACIÓN, DISTRIBUCIÓN, ETC. | |
| Lugar de publicación, distribución, etc. | Madrid : |
| Nombre del editor, distribuidor, etc. | en la Imprenta de Don Benito Cano, |
| Fecha de publicación, distribución, etc. | 1799. |
| 300 ## - DESCRIPCIÓN FÍSICA | |
| Extensión | [2], LXXXVI, 460 p. ; |
| Dimensiones | 4º. |
| 597 ## - NOTA DE DESCRIPCIÓN FÍSICA | |
| NOTA DE DESCRIPCIÓN FÍSICA | Sign.: A-L4, A-Z4, 2A-2Z4, 3A-3L4, 3M2. |
| 650 04 - PUNTO DE ACCESO ADICIONAL DE MATERIA--TÉRMINO DE MATERIA | |
| Término de materia o nombre geográfico como elemento de entrada | Medicina- |
| Subdivisión de forma | Obras anteriores a 1800 |
| 9 (RLIN) | 14912 |
| 700 1# - ENTRADA AGREGADA--NOMBRE PERSONAL | |
| Nombre de persona | Bosquillon, Édouard-François-Marie. |
| 9 (RLIN) | 155178 |
| 700 1# - ENTRADA AGREGADA--NOMBRE PERSONAL | |
| Nombre de persona | Piñera y Siles, Bartolomé. |
| 9 (RLIN) | 92271 |
| 852 ## - LOCALIZACIÓN | |
| Ubicación | ES-MaACL |
| Número de control de estantería | R-1394 |
| Nota libre | -- Enc. pasta española |
| -- | -- Ex-libris de Mateo Seoane |
| Encuadernación | -- Olim: G-14567 |
| Estatus retirado | Estado de pérdida | Estado de daño | No para préstamo | Colección | Biblioteca de origen | Biblioteca actual | Ubicación en estantería | Fecha de adquisición | Fuente de adquisición | Total de préstamos | Signatura topográfica completa | Código de barras | Visto por última vez | Precio de reemplazo | Tipo de ítem Koha |
|---|---|---|---|---|---|---|---|---|---|---|---|---|---|---|---|
| Libros del s. XVIII | Biblioteca del Ateneo de Madrid | Biblioteca del Ateneo de Madrid | Depósito | 17/01/2008 | R-1394 | 1160284 | 23/02/2023 | 23/02/2023 | Libro impreso antiguo |
